000 00546nam a2200157 4500
001 109059
003 ES-MaACL
005 20230906184751.0
007 t|
008 061121s1944 sp r ||||1| spa d
100 1 _aMoyano Araiztegui, Tomás.
_983986
245 1 0 _aEstado de desarrollo del motor ortodoxo de gran potencia y examen de sus coeficientes de calidad /
_cTomás Moyano Araiztegui.
260 _aMadrid :
_bJobs. de López Robert y Cª,
_c1944.
300 _a154 p., 8 lám :
_bil. ;
_c25 cm.
852 _aES-MaACL
_jB-10716
_bR.21988
999 _c109059
_d109059